[Event "Bogota Distrital-ch 78th"]
[Site "Bogota"]
[Date "2016.04.09"]
[Round "4"]
[White "Pereira Vera, Henry Alberto"]
[Black "Bravo Hernandez, Luis Alberto"]
[Result "1-0"]
[WhiteElo "1931"]
[BlackElo "1679"]
[PlyCount "67"]
[EventDate "2016.04.08"]
[EventType "swiss"]
[EventRounds "6"]
[EventCountry "COL"]
[SourceTitle "CBM 172 Extra"]
[Source "ChessBase"]
[SourceDate "2016.06.21"]
[SourceVersion "1"]
[SourceVersionDate "2016.06.21"]
[SourceQuality "1"]

1. b3 Nf6 2. Bb2 d5 3. Nf3 Bf5 4. e3 e6 5. c4 Nbd7 6. Nc3 Be7 7. h3 Nc5 8. d4 Nce4 9. a3 Nxc3 10. Bxc3 Ne4 11. Bb2 0-0 12. Be2 Bf6 13. 0-0 c5 14. Ne5 Qc7 15. g4 Bg6 16. Rc1 b6 17. cxd5 exd5 18. Nxg6 hxg6 19. Bf3 Rfe8 20. Qe2 Bg5 21. Bxe4 Rxe4 22. dxc5 bxc5 23. Bd4 Qb7 24. Rxc5 Qxb3 25. Qc2 Qxc2 26. Rxc2 Re6 27. Rfc1 Ra6 28. Rc8+ Rxc8 29. Rxc8+ Kh7 30. Rc7 f6 31. Rxa7 Rc6 32. Rb7 Bh4 33. Kg2 Rc2 34. Rb2 1-0